Quel pays n'est pas frontalier ? - Statistiques

Statistiques générales
  • Ce quiz a été pris 53 828 fois
  • Le résultat moyen est 10 sur 18
Statistiques - réponses
Question Réponse % Correct
L'Allemagne L'Italie
91%
L'Egypte Le Maroc
87%
L'Ukraine La Serbie
80%
La Chine Le Japon
72%
Le Brésil Le Chili
70%
La France Le Liechtenstein
68%
L'Ethiopie La Tanzanie
62%
L'Argentine Le Pérou
59%
L'Indonésie La Thaïlande
54%
L'Arabie Saoudite La Syrie
50%
Le Venezuela Le Suriname
49%
L'Afrique du Sud La Zambie
48%
La Birmanie Le Viêt Nam
47%
La Croatie L'Italie
44%
L'Afghanistan L'Inde
35%
La Russie L'Arménie
34%
Le Guatemala Le Nicaragua
34%
La Turquie Le Liban
30%
Aucun quiz correspondant
Distribution des résultats
% des personnes avec chaque résultat
Percentile par nombre de réponses
Votre historique - résultats
Vous n’avez pas pris ce quiz